[Event "AUTO-INT-1915"]
[Site "http://www.queenalice.com/game.php?id=881546"]
[Date "2011.1.5"]
[Round "1"]
[White "hugo10mendes"]
[Black "Luca74"]
[Result "0-1"]
[WhiteElo "1361"]
[BlackElo "1564"]

1. e4 c6 2. a3 d5 3. d3 dxe4 4. dxe4 Qxd1+ 5. Kxd1 e5 6. f4 exf4 7. Bxf4 Bc5 8.
Nc3 Nf6 9. h3 O-O 10. b4 Bd4 11. Bd2 Nxe4 12. Rb1 Bxc3 13. Rb3 Nxd2 14. Rxc3
Nxf1 15. Ne2 Rd8+ 16. Ke1 Rd2 17. Rxf1 Rd8 18. g4 g5 19. Ng3 Re8+ 20. Kf2 b5 21.
Rxc6 Nxc6 22. Nf5 Bxf5 23. gxf5 f6 24. Kf3 Nd4+ 25. Kg3 Nxc2 26. Rf3 Nd4 27. Rd3
Rad8 28. h4 Nxf5+ 29. Kg4 Nh6+ 30. Kh5 Rxd3 31. Kxh6 gxh4 32. Kh5 Rg3 33. Kxh4
Ree3 0-1

[Event "Challenge"]
[Site "http://www.queenalice.com/game.php?id=886878"]
[Date "2011.1.16"]
[Round "-"]
[White "hugo10mendes"]
[Black "vult0"]
[Result "0-1"]
[WhiteElo "1327"]
[BlackElo "1786"]

1. e4 e5 2. Nf3 d6 3. h3 Nc6 4. a3 Be6 5. Bb5 Ne7 6. d3 a6 7. Bxc6+ Nxc6 8. Ng5
Bd7 9. Qf3 f6 10. Qg3 fxg5 11. Bxg5 Ne7 12. Nc3 c6 13. O-O h6 14. Bxe7 Qxe7 15.
b4 Qf7 16. Na4 b5 17. Nb6 Ra7 18. Nxd7 Rxd7 19. a4 Be7 20. axb5 cxb5 21. Rxa6
O-O 22. Rb6 Ra7 23. Rxb5 Ra2 24. c4 Bg5 25. c5 Bf4 26. Qf3 dxc5 27. bxc5 Rc2 28.
g3 Bg5 29. h4 Qxf3 30. hxg5 g6 31. Rb6 hxg5 32. c6 Kg7 33. d4 Rh8 34. dxe5 Qh1#
0-1

[Event "Challenge"]
[Site "http://www.queenalice.com/game.php?id=909635"]
[Date "2011.3.7"]
[Round "-"]
[White "hugo10mendes"]
[Black "thiagosg666"]
[Result "1-0"]
[WhiteElo "1339"]
[BlackElo "1374"]

1. e4 e5 2. Nf3 Bc5 3. Nxe5 d6 4. Nf3 Bg4 5. h3 Nf6 6. a3 O-O 7. hxg4 Nxe4 8.
Qe2 Bxf2+ 9. Kd1 d5 10. d3 Ng3 11. Qxf2 Nxh1 12. Qg1 Ng3 13. d4 Nc6 14. Bd3 Qe7
15. Qh2 Ne4 16. Nc3 Nxd4 17. Nxd4 Nf2+ 18. Kd2 Nxg4 19. Qxh7# 1-0

[Event "AUTO-INT-1975"]
[Site "http://www.queenalice.com/game.php?id=909867"]
[Date "2011.3.7"]
[Round "1"]
[White "cmnetto"]
[Black "hugo10mendes"]
[Result "1-0"]
[WhiteElo "1870"]
[BlackElo "1325"]

1. e4 e5 2. Nf3 d6 3. Bc4 Nf6 4. Nc3 a6 5. d4 b5 6. Bb3 Bg4 7. dxe5 dxe5 8. O-O
h6 9. Qxd8+ Kxd8 10. Nxe5 Rh7 11. Nxg4 Nxg4 12. Bxf7 Bc5 13. Nd5 Bxf2+ 14. Rxf2
Nxf2 15. Kxf2 g5 16. Bg6 Rg7 17. Bf5 Nc6 18. Be3 h5 19. Rd1 Rf7 20. Nb6+ Ke8 21.
Nxa8 Nb4 22. Bxg5 Nxc2 23. Kg1 c5 24. Bg6 Ne3 25. Bxe3 1-0

[Event "AUTO-INT-1975"]
[Site "http://www.queenalice.com/game.php?id=909868"]
[Date "2011.3.7"]
[Round "1"]
[White "hugo10mendes"]
[Black "cmnetto"]
[Result "0-1"]
[WhiteElo "1356"]
[BlackElo "1938"]

1. e4 e5 2. Nf3 Nc6 3. Bb5 Nge7 4. d3 a6 5. Bxc6 dxc6 6. Nxe5 Bd7 7. Qf3 Be6 8.
Nc3 g6 9. Bg5 Bg7 10. d4 O-O 11. Ne2 f6 12. Bxf6 Bxf6 13. g3 Bxe5 14. Qe3 Bg7
15. Nf4 Qd6 16. a3 Bxd4 17. Qd2 Be5 18. Qxd6 cxd6 19. Nxe6 Rf6 20. Nc7 Rc8 21.
Nxa6 bxa6 22. O-O-O Rxf2 23. Rdf1 Re2 24. c3 Rxe4 25. Kd2 Rb8 26. b4 c5 27. Rf3
cxb4 28. axb4 Rc8 29. Kd3 Rec4 30. Rc1 Bxc3 31. b5 axb5 0-1

[Event "AUTO-INT-1975"]
[Site "http://www.queenalice.com/game.php?id=909895"]
[Date "2011.3.7"]
[Round "1"]
[White "hugo10mendes"]
[Black "Nelsonbento"]
[Result "0-1"]
[WhiteElo "1342"]
[BlackElo "1596"]

1. e4 e5 2. Nf3 Nf6 3. Nxe5 Nxe4 4. Qf3 Nf6 5. d3 h6 6. a3 Qe7 7. d4 d6 8. Bd2
dxe5 9. d5 Bg4 10. Qb3 Nbd7 11. Qxb7 Rb8 12. Qxc7 Nxd5 13. Qxa7 Rxb2 14. f3 Bf5
15. Nc3 Nxc3 0-1

[Event "AUTO-INT-1975"]
[Site "http://www.queenalice.com/game.php?id=909896"]
[Date "2011.3.7"]
[Round "1"]
[White "Nelsonbento"]
[Black "hugo10mendes"]
[Result "1-0"]
[WhiteElo "1602"]
[BlackElo "1336"]

1. e4 e5 2. c4 d6 3. g4 g6 4. Nc3 h5 5. Nd5 Bxg4 6. f3 Be6 7. Qb3 c6 8. Qxb7 Nd7
9. Nc7+ Ke7 10. Nxa8 Nf6 11. Qxa7 Bh6 12. a4 d5 13. cxd5 cxd5 14. Nc7 1-0

[Event "Jhonatan"]
[Site "http://www.queenalice.com/game.php?id=922863"]
[Date "2011.4.7"]
[Round "-"]
[White "jhonatansouza"]
[Black "hugo10mendes"]
[Result "0-1"]
[WhiteElo "1495"]
[BlackElo "1430"]

1. e4 e5 2. Nf3 f6 3. Bc4 a6 4. c3 b5 5. Bb3 d6 6. Bd5 c6 7. Bb3 h6 8. Nh4 f5 9.
Qh5+ Kd7 10. Nxf5 Kc7 11. Qf7+ Ne7 12. Nh4 Qd7 13. Be6 Qd8 14. Ng6 Rh7 15. Nxf8
d5 16. exd5 cxd5 17. Bxd5 Bb7 18. Ne6+ Kd7 0-1

[Event "Jhonatan"]
[Site "http://www.queenalice.com/game.php?id=922864"]
[Date "2011.4.7"]
[Round "-"]
[White "hugo10mendes"]
[Black "jhonatansouza"]
[Result "1-0"]
[WhiteElo "1354"]
[BlackElo "1462"]

1. e4 e5 2. Nf3 Nc6 3. Bb5 a6 4. Bxc6 bxc6 5. Nxe5 Qg5 6. d4 Qxg2 7. Rf1 Qxe4+
8. Qe2 Qxe2+ 9. Kxe2 d6 10. Nc4 Bg4+ 11. f3 1-0

[Event "AUTO-INT-2078"]
[Site "http://www.queenalice.com/game.php?id=957459"]
[Date "2011.7.6"]
[Round "1"]
[White "hugo10mendes"]
[Black "olmaia"]
[Result "0-1"]
[WhiteElo "1449"]
[BlackElo "2040"]

1. e4 c5 2. d3 Nc6 3. a3 g6 4. c3 Bg7 5. d4 cxd4 6. Bb5 dxc3 7. Bxc6 bxc6 8.
bxc3 Ba6 9. Nh3 Nf6 10. f3 O-O 11. Bb2 Kh8 12. Ng5 Qa5 13. h3 h6 14. Nxf7+ Rxf7
15. g4 Qe5 16. Qd4 Qg3+ 17. Kd1 Qxf3+ 18. Kc2 Qxh1 19. Qa4 Qxe4+ 20. Qxe4 Nxe4
21. Nd2 Rf2 22. Rd1 Rxd2+ 0-1

[Event "AUTO-INT-2078"]
[Site "http://www.queenalice.com/game.php?id=957460"]
[Date "2011.7.6"]
[Round "1"]
[White "olmaia"]
[Black "hugo10mendes"]
[Result "1-0"]
[WhiteElo "2042"]
[BlackElo "1447"]

1. c4 c6 2. Nc3 a6 3. g3 e5 4. Bg2 Bc5 5. Nf3 f6 6. e3 d6 7. Nh4 Bb4 8. Qh5+ g6
9. Nxg6 hxg6 10. Qxh8 Qe7 11. Qxg8+ Kd7 12. Qxg6 Bxc3 13. Bh3+ Kc7 14. Bxc8 Kxc8
15. bxc3 b5 16. cxb5 axb5 17. h4 Nd7 18. h5 Nf8 19. Qf5+ Qe6 20. Qxe6+ Nxe6 21.
h6 Nf8 22. h7 Nxh7 23. Rxh7 Kb8 24. a4 1-0

[Event "AUTO-INT-2078"]
[Site "http://www.queenalice.com/game.php?id=957461"]
[Date "2011.7.6"]
[Round "1"]
[White "hugo10mendes"]
[Black "chess60"]
[Result "0-1"]
[WhiteElo "1445"]
[BlackElo "1539"]

1. e4 e5 2. Nf3 Nc6 3. Bb5 Bd6 4. Bxc6 dxc6 5. d3 f6 6. a3 Nh6 7. Bxh6 gxh6 8.
Nc3 Bg4 9. h3 Bh5 10. g4 Bf7 11. Qe2 Qe7 12. b4 O-O-O 13. Qe3 Rhg8 14. b5 Bc5
15. Qe2 Qd6 16. bxc6 Qxc6 17. a4 Bb4 18. Kd1 Qxc3 19. Rb1 Ba2 20. Rxb4 Qxb4 21.
Nd2 Qxa4 22. Ke1 Qxc2 23. Kf1 Rd4 24. Kg2 Qxd3 25. Qe1 Qxd2 26. Kg3 Qxe1 27.
Rxe1 h5 28. f3 Be6 29. Ra1 Kb8 30. Kh4 Rgd8 0-1

[Event "AUTO-INT-2078"]
[Site "http://www.queenalice.com/game.php?id=957462"]
[Date "2011.7.6"]
[Round "1"]
[White "chess60"]
[Black "hugo10mendes"]
[Result "1-0"]
[WhiteElo "1551"]
[BlackElo "1433"]

1. e4 e5 2. Nf3 d6 3. d4 h6 4. dxe5 Bg4 5. Qd3 a6 6. exd6 Qxd6 7. Nh4 g5 8. Nf3
b5 9. Qxd6 cxd6 10. Be2 Bxf3 11. Bxf3 Nc6 12. O-O Nf6 13. Rd1 Nb4 14. Rd2 g4 15.
Rxd6 Nd7 16. Rd4 Nxc2 17. Bxg4 Nxd4 18. Nc3 Bb4 19. Bh5 Nc2 20. Rb1 Bxc3 21.
bxc3 a5 22. Rxb5 Rb8 23. c4 Nd4 24. Rxb8+ Nxb8 25. a4 Nb3 26. Bf4 Nc6 27. h4 Nc5
28. Bd1 Nxe4 29. Bf3 Nc5 30. Bxc6+ Kd8 31. Be5 1-0

[Event "AUTO-INT-2140"]
[Site "http://www.queenalice.com/game.php?id=983554"]
[Date "2011.9.10"]
[Round "1"]
[White "Piotr70"]
[Black "hugo10mendes"]
[Result "1-0"]
[WhiteElo "1518"]
[BlackElo "1410"]

1. e4 e5 2. Nf3 d6 3. Nc3 a6 4. Bc4 b5 5. Bd5 c6 6. Bb3 c5 7. O-O Nf6 8. Nd5 Bb7
9. c4 h6 10. d3 Nxd5 11. exd5 bxc4 12. Ba4+ Nd7 13. Bc6 Bxc6 14. dxc6 1-0

[Event "AUTO-INT-2140"]
[Site "http://www.queenalice.com/game.php?id=983555"]
[Date "2011.9.10"]
[Round "1"]
[White "hugo10mendes"]
[Black "Piotr70"]
[Result "0-1"]
[WhiteElo "1398"]
[BlackElo "1530"]

1. e4 e5 2. Nf3 Nc6 3. Bb5 Nf6 4. d3 a6 5. Bxc6 dxc6 6. Bg5 Be7 7. Bxf6 Bxf6 8.
Nc3 O-O 9. h3 Be6 10. a3 Re8 11. d4 exd4 12. Nxd4 Bxd4 13. Ne2 Bxb2 14. Rb1
Qxd1+ 0-1

[Event "AUTO-INT-2140"]
[Site "http://www.queenalice.com/game.php?id=983570"]
[Date "2011.9.10"]
[Round "1"]
[White "nuage"]
[Black "hugo10mendes"]
[Result "1-0"]
[WhiteElo "1666"]
[BlackElo "1416"]

1. e4 e5 2. Nf3 d6 3. Nc3 Nf6 4. Bc4 h6 5. O-O a6 6. d4 Bg4 7. h3 Bxf3 8. Qxf3
b5 9. Bd5 Nxd5 10. Nxd5 Nd7 11. Qc3 Nb6 12. Qc6+ Nd7 13. Nxc7+ Ke7 14. Nxa6 Rc8
15. Qb7 exd4 16. Bf4 g5 17. Bd2 Ra8 18. Qxb5 1-0

[Event "AUTO-INT-2140"]
[Site "http://www.queenalice.com/game.php?id=983571"]
[Date "2011.9.10"]
[Round "1"]
[White "hugo10mendes"]
[Black "nuage"]
[Result "0-1"]
[WhiteElo "1422"]
[BlackElo "1660"]

1. e4 e5 2. Bc4 h6 3. Nf3 Nc6 4. Bb5 a6 5. Bxc6 dxc6 6. h3 Nf6 7. d3 Bc5 8. a3
O-O 9. b4 Bd4 10. Nxd4 Qxd4 11. c3 Qb6 12. Be3 c5 13. bxc5 Qc6 14. g4 g5 15. d4
Nxe4 16. f3 Nf6 17. Rf1 e4 18. fxe4 Nxe4 0-1